000 00477nam a22001697a 4500
005 20251108175012.0
008 250721s2011 xx 000 0 ara d
082 1 4 _aم/413/جوا
100 1 _aجواد، مصطفى
245 1 0 _aقل و لا تقل /
264 1 _aالقاهرة :
_bمكتبة جزيرة الورد،
_c2011.
300 _a2ج في مج1.
650 1 7 _aاللغة العربية
650 1 7 _aالقواميس
942 _2ddc
_cREF
999 _c123627
_d123627